00680nam a2200181Ia 4500003000900000008004100009020001800050040001600068080001400084111014000098245014100238260003300379300001000412650001400422650002000436700002200456700002000478IN-BaIIA211028s9999 xx 000 0 eng d a0-553-29895-X cIIA Library a92:5bFER aKofu Symposium on New Look At the Sun with Emphasiss on Advanced Observations of Coronal Dynamics and FlarescYamanashid1993 Sep. 6-10 0aStephen Hawking: quest for a theory of everythingcedited by K. Ferguson And T Hirayama  aNew YorkbBantam Booksc1992 a192p. aBiography aStephen Hawking aFerguson, K., ed. aHirayama, T ed.